Biologicky chránime čerešne proti červivosti

Bibliographic Details
Main Authors: Tomašek, Z. (Author), Hoťka, S. (Author)
Format: Article
Language:Slovak
PhysicalDescription:Fotogr.
ISSN:0862-5565
Subjects:

MARC

LEADER 00000nab a2200000 a 4500
001 vtls000698416
003 SK-MaSNL
005 20260304035014.0
008 040806c1999 xo 0 slo
015 |a SNBRB1999/09-18606 
035 |a CLN000050583 
040 |a SNKBUCL  |b slo  |c SNKBUCL  |e AACR2 
041 0 |a slo 
044 |a xo  |c SK 
080 |a 632.772:632.937  |2 UDC-MRF-SK2 
080 |a 632.937  |2 UDC-MRF-SK2 
080 |a 634.23  |2 UDC-MRF-SK2 
100 1 |a Tomašek, Z.  |4 aut  |9 1318464 
245 1 0 |a Biologicky chránime čerešne proti červivosti  |c Z. Tomašek, S. Hoťka 
300 |b Fotogr. 
650 0 7 |a čerešne  |2 SNKPH  |9 58077 
650 0 7 |a vrtivka čerešňová  |2 snkbucl  |9 931218 
650 0 7 |a biologická ochrana rastlín  |2 snkbucl  |9 224755 
655 7 |a články z novín a časopisov  |2 snkbucl  |9 267496 
700 1 |a Hoťka, S.  |4 aut  |9 1318465 
773 0 |x 0862-5565  |t Záhradkár  |g Roč. 35, č. 5 (1999), s. 34 
850 |a Slovenská národná knižnica v Martine 
852 |a SNK  |b KIS3GCP 
999 |c 2655854  |d 2657784